000 00733cam a2200241 i 4500
999 _c3656
_d3656
001 3193242
003 GBCCL
005 20241126110459.0
008 770818s1977 miu b 000 0 eng
010 _a 77012776
020 _a0310354102.
_a0310354110
040 _aDLC
_cDLC
_dDLC
050 0 0 _aBT732.7
_b.Y36
082 0 0 _a248.86
_bYAN
100 1 _aYancey, Philip.
_96524
245 1 0 _aWhere is God when it hurts /
_cPhilip Yancey.
260 _aGrand Rapids, Mich. :
_bZondervan Pub. House,
_cc1977.
300 _a187 p. ;
_c21 cm.
504 _aIncludes bibliographical references.
650 0 _aSuffering
_xReligious aspects
_xChristianity.
_9472
906 _a7
_bcbc
_corignew
_d1
_eocip
_f19
_gy-gencatlg
942 _2ddc
_cBK
_08